Statistiques concernant Taylor Swift - Chansons les plus streamés de Lover

Cliquez ici pour prendre le quiz!

Statistiques générales

  • Ce quiz a été pris 100 fois
  • Le résultat moyen est 7 sur 17

Statistiques - réponses

HintRéponse% Correct
567MLover
89%
308MCruel Summer
79%
656MMe!
79%
641MYou Need To Calm Down
77%
245MPaper Rings
49%
176MThe Archer
46%
217MI Forgot That You Existed
39%
70MIt's Nice to Have a Friend
36%
147MLondon Boy
34%
141MCornelia Street
31%
130MMiss Americana & the Heartbreak Prince
31%
144MAfterglow
30%
103MDaylight
24%
82MSoon You'll Get Better
23%
134MI Think He Knows
21%
103M
Death by a Thousand Cuts
17%
100MFalse God
17%

Distribution des résultats

Percentile par nombre de réponses

% des personnes avec chaque résultat

Votre développement - résultats

Vous n’avez pas pris ce quiz